| 000 | 00465nam a2200193Ia 4500 | ||
|---|---|---|---|
| 005 | 20250423101117.0 | ||
| 008 | 250422s9999 xx 000 0 und d | ||
| 020 | _a0-13-020887-6 | ||
| 050 | _aHV 6431 .C6472 | ||
| 100 | _aCindy C. Combs | ||
| 245 | 0 | _aTerrorism in the Twenty-First Century | |
| 250 | _a2nd ed. | ||
| 260 | _aAmerica | ||
| 260 | _bPentice-Hall, Inc. New Jersey | ||
| 260 | _c1999 | ||
| 300 | _a240 p | ||
| 650 | _aEducation | ||
| 942 | _cBK | ||
| 999 |
_c35320 _d35320 |
||